Rivers by Start and End Points - Statistics

General Stats
  • This quiz has been taken 41 times
  • The average score is 14 of 17
Answer Stats
Starting Point Ending Point River % Correct
Minnesota Gulf of Mexico Mississippi River
97%
Sudan Mediterranean Sea Nile River
94%
Switzerland North Sea Rhine
94%
D.R. Congo Atlantic Ocean Congo River
91%
China East China Sea Yangtze
89%
China Bohai Sea Yellow River
86%
India Bay of Bengal Ganges
83%
Gloucestershire North Sea River Thames
83%
Guinea Atlantic Ocean Niger River
77%
Turkey Persian Gulf Tigris
77%
Peru Atlantic Ocean Amazon River
74%
Ethiopia Sudan Blue Nile River
74%
Turkey Persian Gulf Euphrates
74%
China Arabian Sea Indus River
74%
Colorado Gulf of Mexico Rio Grande
74%
Pennsylvania Illinois Ohio River
69%
Uganda Sudan White Nile River
69%
No matching quizzes found
Score Distribution
Percent of People with Each Score
Percentile by Number Answered
Your Score History
You have not taken this quiz